[Event "29.Schlosspark-Open"]
[Site "Wiesbaden-Biebrich"]
[Date "2017.08.26"]
[Round "5.24"]
[White "Rau, Christian"]
[Black "Puschendorf, Steffen"]
[Result "1/2-1/2"]
[WhiteElo "1915"]
[BlackElo "2115"]
[PlyCount "135"]
[EventDate "2017.??.??"]
[WhiteTeam "SV RÃ¼sselsheim"]
[BlackTeam "ESV Gera"]

1. e4 e6 2. d4 d5 3. exd5 exd5 4. Nf3 Bd6 5. Bd3 Nc6 6. c3 Bg4 7. h3 Bh5 8. Be3
Qd7 9. Nbd2 f5 10. Nb3 f4 11. Bd2 Qe7+ 12. Qe2 Bxf3 13. Qxe7+ Ngxe7 14. gxf3
O-O 15. O-O-O Nf5 16. h4 b6 17. h5 Nce7 18. Kb1 g5 19. Bc1 h6 20. Nd2 Nh4 21.
Rde1 Kf7 22. Re2 Rae8 23. Rhe1 Nef5 24. Bb5 Rxe2 25. Rxe2 Rd8 26. Bc6 Ne7 27.
Ba4 c6 28. b4 b5 29. Bc2 Rg8 30. Re1 g4 31. fxg4 Rxg4 32. Rh1 Nhf5 33. Nf3 Rg2
34. Rh2 Rxh2 35. Nxh2 Kf6 36. Bd1 Kg5 37. Kc2 Nh4 38. Kd3 Ng8 39. Ng4 Kf5 40.
Bd2 Bc7 41. Bc1 Ke6 42. Bd2 Nf5 43. Bc1 Ng7 44. Bf3 Kf5 45. Bd1 Ne6 46. Bd2 Ng5
47. f3 Nf7 48. a4 a6 49. a5 Kg5 50. Be1 Kxh5 51. Ke2 Kg5 52. Kf1 Ne7 53. Bc2
Nf5 54. Bd2 N7d6 55. Ne5 Nc4 56. Nxc4 dxc4 57. Bxf5 Kxf5 58. Kg2 Bd8 59. Kh3 h5
60. Be1 Be7 61. Bd2 Bg5 62. Be1 Ke6 63. Bd2 Kd5 64. Be1 Bf6 65. Bd2 Bg5 66. Be1
Be7 67. Bd2 Bg5 68. Be1 1/2-1/2

[Event "29.Schlosspark-Open"]
[Site "Wiesbaden-Biebrich"]
[Date "2017.08.26"]
[Round "5.25"]
[White "Goloborodko, Dimitri"]
[Black "Schindelmeiser, Frank"]
[Result "1-0"]
[WhiteElo "2114"]
[BlackElo "1955"]
[PlyCount "129"]
[EventDate "2017.??.??"]
[WhiteTeam "SG Idstein"]
[BlackTeam "SV Oberursel"]

1. d4 Nf6 2. c4 c5 3. d5 b5 4. cxb5 a6 5. b6 d6 6. Nc3 Nbd7 7. a4 Qxb6 8. a5
Qa7 9. Nf3 g6 10. e4 Bg7 11. Be2 O-O 12. O-O Rb8 13. Ra2 Ne8 14. Nd2 f5 15.
exf5 gxf5 16. Nc4 Rb4 17. Na4 Ne5 18. Nab6 Nxc4 19. Bxc4 Nc7 20. Qe2 Be5 21. f4
Bf6 22. b3 Qb7 23. Ba3 Rxb6 24. axb6 Nxd5 25. Bb2 Kg7 26. Bxf6+ Nxf6 27. Bxa6
Qxb6 28. Bxc8 c4+ 29. Kh1 cxb3 30. Rb2 Rxc8 31. Qxe7+ Kg6 32. h4 h5 33. Qe2 Re8
34. Qd1 Ng4 35. Rxb3 Qc6 36. Qf3 Qc5 37. Rd3 Re4 38. Rd2 Qb4 39. Qd3 Re6 40.
Qd5 Kf6 41. Qd4+ Qxd4 42. Rxd4 d5 43. Kg1 Re2 44. g3 Ne3 45. Rf3 Rg2+ 46. Kh1
Re2 47. Rd3 Re1+ 48. Kh2 Ng4+ 49. Kg2 Re2+ 50. Kg1 Re1+ 51. Rf1 Re2 52. Ra1 Re6
53. Rxd5 Kg6 54. Rb5 Nh6 55. Rba5 Ng4 56. Ra6 Rxa6 57. Rxa6+ Nf6 58. Kf2 Kg7
59. Kf3 Ne4 60. Ra4 Nf6 61. Ke3 Ng4+ 62. Kd4 Kf6 63. Ra6+ Kf7 64. Kd5 Ke7 65.
Rg6 1-0

[Event "29.Schlosspark-Open"]
[Site "Wiesbaden-Biebrich"]
[Date "2017.08.26"]
[Round "5.26"]
[White "Weidel, Albrecht"]
[Black "Kobs, Stephan"]
[Result "1-0"]
[WhiteElo "2108"]
[BlackElo "1937"]
[PlyCount "81"]
[EventDate "2017.??.??"]
[WhiteTeam "SF Ravensburg"]
[BlackTeam "SV Esens"]

1. d4 Nf6 2. Nf3 g6 3. c4 c5 4. d5 b5 5. Qc2 bxc4 6. e4 d6 7. Bxc4 Bg7 8. O-O
O-O 9. h3 Ba6 10. Na3 Bxc4 11. Nxc4 Nbd7 12. Bd2 Nb6 13. Na5 Qc7 14. Rac1 Rac8
15. Rfe1 Rfe8 16. b3 Nfxd5 17. exd5 Nxd5 18. Nc4 e6 19. Rcd1 Nb4 20. Qb1 d5 21.
Nce5 f6 22. Nd3 Na6 23. Nf4 Qf7 24. Qd3 Nc7 25. Ba5 d4 26. Nd2 e5 27. Bxc7 Rxc7
28. Qc4 Rce7 29. Nd3 Qxc4 30. Nxc4 Rc7 31. f4 e4 32. Nd6 Re6 33. Nxe4 c4 34.
bxc4 Rxc4 35. Nd2 Rxe1+ 36. Nxe1 Ra4 37. Ndf3 Rxa2 38. Rxd4 f5 39. Rd8+ Kf7 40.
Rd7+ Kf6 41. Ng5 1-0

[Event "29.Schlosspark-Open"]
[Site "Wiesbaden-Biebrich"]
[Date "2017.08.26"]
[Round "5.27"]
[White "Berberich, Christoph"]
[Black "Flach, Erich"]
[Result "1/2-1/2"]
[WhiteElo "1948"]
[BlackElo "2105"]
[PlyCount "128"]
[EventDate "2017.??.??"]
[WhiteTeam "SGEM Dreisamtal"]
[BlackTeam "SK Langen"]

1. d4 Nf6 2. Nf3 c5 3. e3 b6 4. c4 g6 5. Nc3 Bg7 6. d5 d6 7. h3 O-O 8. Bd3 e6
9. e4 exd5 10. cxd5 Nh5 11. g4 Nf6 12. Bf4 Qe7 13. O-O Nbd7 14. Re1 Ne8 15. Qd2
Ne5 16. Nxe5 Bxe5 17. Bxe5 dxe5 18. Qh6 Nd6 19. a4 a6 20. f4 f6 21. f5 g5 22.
h4 c4 23. Bf1 Nf7 24. Qh5 Qc5+ 25. Kh1 Bb7 26. Rad1 Rad8 27. hxg5 Nxg5 28. d6
b5 29. Bg2 Rxd6 30. Rxd6 Qxd6 31. axb5 axb5 32. Rd1 Qb6 33. Nd5 Bxd5 34. exd5
Kg7 35. d6 e4 36. d7 Qd8 37. Qh2 Qe7 38. Qc7 Rd8 39. Rd6 e3 40. Bf1 Qe4+ 41.
Bg2 Qe7 42. Bf1 Kf8 43. Be2 Nf7 44. Re6 Qxd7 45. Qc5+ Kg7 46. Qxe3 h6 47. g5
hxg5 48. Re7 Rh8+ 49. Kg1 Qxf5 50. Qa7 Rf8 51. Bh5 Qb1+ 52. Kg2 Qxb2+ 53. Kg1
Qc1+ 54. Kg2 Qd2+ 55. Kg1 Qd5 56. Bg4 Rd8 57. Bh5 Qd4+ 58. Qxd4 Rxd4 59. Bxf7
Kh6 60. Rb7 Rd1+ 61. Kf2 Rb1 62. Bxc4 Rb2+ 63. Ke3 b4 64. Bd3 Kh5 1/2-1/2

[Event "29.Schlosspark-Open"]
[Site "Wiesbaden-Biebrich"]
[Date "2017.08.26"]
[Round "5.28"]
[White "KÃ¶llner, Christof"]
[Black "KÃ¼hn, Matthias"]
[Result "1-0"]
[WhiteElo "2105"]
[BlackElo "1935"]
[PlyCount "107"]
[EventDate "2017.??.??"]
[WhiteTeam "SV Bergneustadt/Derschlag"]
[BlackTeam "SV HÃ¼rth-Berrenrath"]

1. d4 g6 2. Nf3 Bg7 3. Nbd2 d6 4. c3 Nc6 5. e4 e5 6. dxe5 dxe5 7. Bc4 Qe7 8.
O-O h6 9. b4 Be6 10. Qe2 Bxc4 11. Nxc4 Qe6 12. a4 Nge7 13. Nfd2 O-O 14. Nb3
Rae8 15. Be3 f5 16. f3 f4 17. Bf2 g5 18. b5 Nd8 19. Nc5 Qc8 20. Rfd1 Ng6 21.
Qd3 b6 22. Qd5+ Rf7 23. Na6 Qe6 24. Nb4 Bf8 25. Qxe6 Nxe6 26. Nc6 Nc5 27. Rd5
g4 28. N4xe5 Nxe5 29. Nxe5 Rg7 30. Nxg4 Nxe4 31. Nxh6+ Kh7 32. fxe4 Kxh6 33.
Re1 Rge7 34. e5 Kg6 35. g3 fxg3 36. Bxg3 Re6 37. Rf1 Bc5+ 38. Kg2 R8e7 39. Rd8
c6 40. Rg8+ Kh7 41. Rg4 cxb5 42. axb5 Rd7 43. Bf4 Rd3 44. Rf3 Rxf3 45. Kxf3 Re7
46. Ke4 Bf2 47. Bg3 Bc5 48. Bh4 Rd7 49. Bf6 Rd2 50. h4 Ra2 51. Kf5 a5 52. bxa6
Rxa6 53. Rg5 Ra4 54. Rh5+ 1-0

[Event "29.Schlosspark-Open"]
[Site "Wiesbaden-Biebrich"]
[Date "2017.08.26"]
[Round "5.29"]
[White "Li, Maxim"]
[Black "Bauer, Claus"]
[Result "0-1"]
[WhiteElo "1932"]
[BlackElo "2102"]
[PlyCount "96"]
[EventDate "2017.??.??"]
[WhiteTeam "Wiesbadener SV"]
[BlackTeam "SF Mainz"]

1. e4 d6 2. Nc3 Nf6 3. f4 d5 4. e5 d4 5. exf6 dxc3 6. bxc3 gxf6 7. Qh5 e6 8.
Nf3 Bd6 9. d4 f5 10. Be2 Nd7 11. Ne5 Qe7 12. O-O Nf6 13. Qh6 c6 14. Nc4 Ne4 15.
Qg7 Qf8 16. Nxd6+ Nxd6 17. Qe5 Ne4 18. a4 Rg8 19. Bf3 f6 20. Qc7 Qf7 21. Qa5
Kf8 22. Re1 Kg7 23. Bxe4 fxe4 24. Rxe4 b6 25. Qb4 Kh8 26. Re3 c5 27. Qc4 Bb7
28. g3 Bd5 29. Qe2 Rac8 30. f5 exf5 31. Re7 Rge8 32. Rxf7 Rxe2 33. Rxf6 cxd4
34. Rxf5 Be6 35. Rf3 Rxc2 36. Bh6 Bd5 37. Rd3 Rg2+ 38. Kf1 Rxh2 39. Be3 Rh1+
40. Bg1 Bc4 41. Kg2 Rxg1+ 42. Rxg1 Bxd3 43. cxd4 Rc4 44. Kf3 Rxd4 45. Ke3 Rd7
46. g4 Kg7 47. Rg2 Kg6 48. Rd2 Kg5 0-1

[Event "29.Schlosspark-Open"]
[Site "Wiesbaden-Biebrich"]
[Date "2017.08.26"]
[Round "5.30"]
[White "Arns, Alexander"]
[Black "Bader, Dominic"]
[Result "1/2-1/2"]
[WhiteElo "1891"]
[BlackElo "2087"]
[PlyCount "65"]
[EventDate "2017.??.??"]
[WhiteTeam "SF HN-Biberach"]
[BlackTeam "SG BÃ¼chenbach/Roth"]

1. c4 Nf6 2. Nc3 g6 3. g3 Bg7 4. Bg2 O-O 5. d4 d6 6. Nf3 c6 7. O-O Qc7 8. e4
Nbd7 9. h3 a6 10. a4 c5 11. d5 Ne8 12. Bg5 Ne5 13. Nxe5 dxe5 14. Qd2 Nd6 15. b3
Rb8 16. Rfc1 b6 17. Rab1 f6 18. Bh6 Bd7 19. Bxg7 Kxg7 20. f4 Nf7 21. Kh1 a5 22.
Rf1 Rh8 23. Ne2 h5 24. Rbd1 Qd6 25. Nc1 Rbd8 26. Nd3 h4 27. g4 g5 28. fxe5 Nxe5
29. Nxe5 Qxe5 30. Rc1 Bc8 31. Qc3 Rhf8 32. Rf3 Rf7 33. Qxe5 1/2-1/2

[Event "29.Schlosspark-Open"]
[Site "Wiesbaden-Biebrich"]
[Date "2017.08.26"]
[Round "5.31"]
[White "Biegler, Markus"]
[Black "Thomele, Michael"]
[Result "1-0"]
[WhiteElo "2071"]
[BlackElo "1908"]
[PlyCount "133"]
[EventDate "2017.??.??"]
[WhiteTeam "SC Illingen"]
[BlackTeam "SC Obernau"]

1. c4 e5 2. Nc3 Nc6 3. g3 Nf6 4. Bg2 d6 5. d3 h6 6. Rb1 a5 7. a3 g6 8. b4 axb4
9. axb4 Bg7 10. b5 Ne7 11. Qb3 O-O 12. e3 Kh7 13. Nge2 Nh5 14. O-O f5 15. f4 g5
16. Bd2 Qe8 17. Rbe1 Qg6 18. Kh1 Nf6 19. Kg1 Kh8 20. Qb4 Nd7 21. Na4 Qe6 22.
Nec3 Rb8 23. Nd5 Nxd5 24. cxd5 Qe7 25. Rc1 Nf6 26. fxe5 Qxe5 27. e4 fxe4 28.
dxe4 Qe7 29. Bc3 Ng4 30. Bxg7+ Qxg7 31. Rxf8+ Qxf8 32. Qd4+ Ne5 33. Rxc7 Kg8
34. Nb6 Bh3 35. Qf2 Qd8 36. Qc2 Bg4 37. h3 Bd1 38. Qc1 Be2 39. Rc8 Rxc8 40.
Qxc8 Qxc8 41. Nxc8 Nf7 42. Bf1 Bf3 43. Bd3 Kg7 44. Kf2 Bh1 45. Ke3 Bg2 46. h4
Bh3 47. Nb6 Bg2 48. Nc4 Kf6 49. Kd4 Ke7 50. Na5 Nd8 51. e5 gxh4 52. gxh4 dxe5+
53. Kxe5 Nf7+ 54. Kd4 Nd6 55. b6 Bf3 56. Kc5 Bg2 57. Nc4 Ne8 58. Ne3 Bh1 59.
Nf5+ Kf6 60. Nxh6 Ke5 61. Nf7+ Kf6 62. Nd8 Ke5 63. Nf7+ Kf6 64. Nd6 Ng7 65. Ba6
Ne6+ 66. Kc4 Nd8 67. Nxb7 1-0

[Event "29.Schlosspark-Open"]
[Site "Wiesbaden-Biebrich"]
[Date "2017.08.26"]
[Round "5.32"]
[White "Kleehammer, Otto"]
[Black "Bischoff, Ulrich"]
[Result "0-1"]
[WhiteElo "1911"]
[BlackElo "2071"]
[PlyCount "47"]
[EventDate "2017.??.??"]
[WhiteTeam "vereinslos"]
[BlackTeam "Sfr. Erbach"]

1. e4 Nf6 2. Nc3 d5 3. exd5 Nxd5 4. d4 Nxc3 5. bxc3 g6 6. Bc4 Bg7 7. Nf3 O-O 8.
O-O c5 9. Bf4 Nc6 10. Be3 Bg4 11. h3 Bxf3 12. Qxf3 cxd4 13. cxd4 Nxd4 14. Bxd4
Qxd4 15. Bb3 Qd7 16. Rad1 Qc7 17. Rfe1 e6 18. Re4 Rad8 19. Rc4 Qb6 20. Rxd8
Rxd8 21. Rf4 Qc7 22. Rc4 Qe5 23. g3 Qe1+ 24. Kg2 0-1

[Event "29.Schlosspark-Open"]
[Site "Wiesbaden-Biebrich"]
[Date "2017.08.26"]
[Round "5.33"]
[White "WÃ¼st, Michael"]
[Black "Eveleens, Wim"]
[Result "0-1"]
[WhiteElo "1907"]
[BlackElo "2059"]
[PlyCount "66"]
[EventDate "2017.??.??"]
[WhiteTeam "PTSV SK Hof"]
[BlackTeam "Santpoort"]

1. d4 e6 2. c4 f5 3. Nc3 Nf6 4. Nf3 Bb4 5. g3 b6 6. Bg2 Bb7 7. O-O O-O 8. Qc2
Bxc3 9. Qxc3 Qe7 10. b3 d6 11. Bb2 Nbd7 12. a3 Ne4 13. Qc2 Ndf6 14. b4 Rfd8 15.
e3 c6 16. Rac1 d5 17. Nd2 Nxd2 18. Qxd2 dxc4 19. Rfe1 b5 20. e4 fxe4 21. Bxe4
Nxe4 22. Rxe4 c5 23. Rf4 cxb4 24. axb4 Bd5 25. Re1 Rf8 26. Bc3 Rxf4 27. Qxf4
Rf8 28. Qe5 Qf6 29. f4 Qg6 30. Qe2 Rxf4 31. Ra1 Rf3 32. Qe5 Qc2 33. Qb8+ Rf8
0-1

[Event "29.Schlosspark-Open"]
[Site "Wiesbaden-Biebrich"]
[Date "2017.08.26"]
[Round "5.34"]
[White "Belz, Frank-Martin"]
[Black "Pauly, Markus"]
[Result "1-0"]
[WhiteElo "2021"]
[BlackElo "1812"]
[PlyCount "69"]
[EventDate "2017.??.??"]
[WhiteTeam "SK Freising"]
[BlackTeam "Sfr. Erbach"]

1. Nf3 g6 2. c4 Bg7 3. Nc3 c5 4. d4 cxd4 5. Nxd4 Nc6 6. Nc2 Nf6 7. e4 d6 8. Be2
Be6 9. O-O Qc8 10. Rb1 O-O 11. f3 Nd7 12. Nd5 Bxd5 13. exd5 Nb4 14. Nxb4 Qc5+
15. Kh1 Qxb4 16. Bg5 Bf6 17. Bh6 Bg7 18. Be3 Qa5 19. a3 Rfc8 20. f4 Nb6 21. b3
Qxa3 22. f5 Re8 23. Bd3 Nd7 24. fxg6 hxg6 25. h4 Ne5 26. h5 Rf8 27. Bf4 Qc5 28.
Bxe5 Bxe5 29. hxg6 Kg7 30. Qh5 Rh8 31. Rxf7+ Kg8 32. Rh7 Qd4 33. Rxh8+ Bxh8 34.
Qh7+ Kf8 35. Qf7# 1-0

[Event "29.Schlosspark-Open"]
[Site "Wiesbaden-Biebrich"]
[Date "2017.08.26"]
[Round "5.36"]
[White "Rolf, Marco"]
[Black "John, Volkmar"]
[Result "1/2-1/2"]
[WhiteElo "2082"]
[BlackElo "1852"]
[PlyCount "84"]
[EventDate "2017.??.??"]
[WhiteTeam "SK Gernsheim"]
[BlackTeam "SK Herborn"]

1. d4 d5 2. c4 e6 3. Nc3 Nf6 4. cxd5 exd5 5. Bg5 c6 6. e3 Nbd7 7. Bd3 Be7 8.
Qc2 h6 9. Bh4 Nh5 10. Bxe7 Qxe7 11. Nf3 Nb6 12. O-O Nf6 13. a3 a5 14. Qb3 Qd8
15. Na4 Nxa4 16. Qxa4 O-O 17. b4 Bg4 18. Nd2 axb4 19. Qxb4 Qa5 20. Nb3 Qxb4 21.
axb4 Rfc8 22. f3 Be6 23. Rfc1 Kf8 24. Nc5 Rxa1 25. Rxa1 b6 26. Nb3 Rc7 27. Ra8+
Rc8 28. Ra7 Ke8 29. Ba6 Rb8 30. Kf2 Bc8 31. b5 cxb5 32. Bxb5+ Bd7 33. Bxd7+
Nxd7 34. e4 dxe4 35. fxe4 Rc8 36. d5 Rc2+ 37. Kf1 Nc5 38. Nxc5 bxc5 39. e5 Rd2
40. Ra8+ Kd7 41. Ra7+ Ke8 42. Ra8+ Kd7 1/2-1/2

[Event "29.Schlosspark-Open"]
[Site "Wiesbaden-Biebrich"]
[Date "2017.08.26"]
[Round "5.37"]
[White "Eg, Karlheinz"]
[Black "Seickel, Ralf"]
[Result "0-1"]
[WhiteElo "1847"]
[BlackElo "2047"]
[PlyCount "46"]
[EventDate "2017.??.??"]
[WhiteTeam "SV RÃ¼sselsheim"]
[BlackTeam "vereinslos"]

1. e4 c5 2. Nf3 d6 3. d4 cxd4 4. Nxd4 Nf6 5. Nc3 a6 6. Bc4 e6 7. Bb3 b5 8. a3
Bb7 9. O-O Nc6 10. Re1 Be7 11. f4 O-O 12. Kh1 Qd7 13. Qd3 Rac8 14. Ba2 Na5 15.
f5 e5 16. Ne6 Rfe8 17. Ng5 Nc4 18. b3 Na5 19. Bd2 h6 20. Nf3 Qc7 21. Rac1 d5
22. exd5 Bxa3 23. d6 Bxd6 0-1

[Event "29.Schlosspark-Open"]
[Site "Wiesbaden-Biebrich"]
[Date "2017.08.26"]
[Round "5.38"]
[White "Kolker, Vladislav"]
[Black "Miosga, Stefan"]
[Result "1/2-1/2"]
[WhiteElo "2044"]
[BlackElo "1824"]
[PlyCount "36"]
[EventDate "2017.??.??"]
[WhiteTeam "SC Bad Nauheim"]
[BlackTeam "SP Plesse Bovenden"]

1. e4 Nf6 2. d3 d5 3. Nd2 e5 4. Ngf3 Nc6 5. g3 dxe4 6. dxe4 Bc5 7. Bg2 O-O 8.
O-O Qe7 9. c3 a5 10. a4 Rd8 11. Qc2 Bg4 12. Nc4 Bh5 13. Bg5 h6 14. Be3 Ng4 15.
Bd2 Bxf2+ 16. Rxf2 Qc5 17. Ne3 Nxe3 18. Bxe3 Qxe3 1/2-1/2

[Event "29.Schlosspark-Open"]
[Site "Wiesbaden-Biebrich"]
[Date "2017.08.26"]
[Round "5.39"]
[White "Schmid, Eugen"]
[Black "Diener, Carolin Valeria"]
[Result "0-1"]
[WhiteElo "2024"]
[BlackElo "1774"]
[PlyCount "68"]
[EventDate "2017.??.??"]
[WhiteTeam "SV Herrenberg"]
[BlackTeam "SK Bad Homburg"]

1. d4 d5 2. Nf3 Nf6 3. c4 e6 4. g3 Be7 5. Bg2 O-O 6. O-O Nbd7 7. Qc2 c6 8. Nbd2
b6 9. e4 dxe4 10. Nxe4 Bb7 11. Rd1 Qc8 12. Nxf6+ Nxf6 13. Ne5 c5 14. d5 exd5
15. cxd5 Ne8 16. Be3 Nd6 17. Nc6 Bf6 18. Rab1 Nf5 19. Bf4 Nd4 20. Qd3 Nxc6 21.
dxc6 Bxc6 22. b3 Bxg2 23. Kxg2 Qb7+ 24. Kg1 Rad8 25. Qf5 Bd4 26. Be5 Rd5 27.
Re1 Qb8 28. Bxb8 Rxf5 29. Bf4 Rd5 30. Re7 g5 31. Bc7 Rf5 32. Rf1 Rd5 33. Kg2
Bf6 34. Re2 Rc8 0-1

[Event "29.Schlosspark-Open"]
[Site "Wiesbaden-Biebrich"]
[Date "2017.08.26"]
[Round "5.40"]
[White "Seidel, JÃ¼rgen"]
[Black "Triantafillidis, Simeon"]
[Result "1-0"]
[WhiteElo "2004"]
[BlackElo "1801"]
[PlyCount "145"]
[EventDate "2017.??.??"]
[WhiteTeam "TuS Dotzheim"]
[BlackTeam "SF HN-Biberach"]

1. Nf3 Nf6 2. c4 g6 3. Nc3 Bg7 4. d4 c5 5. e4 cxd4 6. Nxd4 Nc6 7. Be3 O-O 8.
Be2 d6 9. O-O a6 10. Qd2 Qc7 11. f3 Ne5 12. b3 Bd7 13. Rac1 Rac8 14. Rfd1 Rfd8
15. Bg5 Qb6 16. Bxf6 Bxf6 17. Nd5 Qc5 18. Nxf6+ exf6 19. Kh1 Nc6 20. Nc2 Be6
21. b4 Qa7 22. a3 f5 23. exf5 Bxf5 24. Ne3 Be6 25. Rc3 Kg7 26. f4 Re8 27. Bf3
Rcd8 28. Rd3 Rd7 29. Qc3+ Kg8 30. c5 dxc5 31. Rxd7 cxb4 32. Qxc6 Bxd7 33. Qxd7
Qxe3 34. h3 bxa3 35. Qxb7 a2 36. Bd5 Re7 37. Qb8+ Re8 38. Qb3 Qe1+ 39. Kh2 a1=Q
40. Bxf7+ Kf8 41. Rxa1 Qxa1 42. Bxe8 Kxe8 43. Qg8+ Ke7 44. Qxh7+ Ke6 45. Qxg6+
Qf6 46. Qe4+ Kf7 47. Qb4 Kg7 48. g3 Qe6 49. Qd4+ Qf6 50. Qd2 Qe6 51. h4 a5 52.
Qd4+ Kg6 53. Qd3+ Qf5 54. h5+ Kf6 55. Qf3 a4 56. g4 Qc5 57. Kg3 Qg1+ 58. Kh3 a3
59. Qc6+ Ke7 60. Kh4 a2 61. Qb7+ Ke8 62. Qa8+ Kd7 63. Qd5+ Ke8 64. Qg8+ Kd7 65.
Qf7+ Kd6 66. Qxa2 Qe1+ 67. Kg5 Qe7+ 68. Kg6 Qe4+ 69. Kg7 Qd4+ 70. Kg8 Qxf4 71.
Qa6+ Ke7 72. Qg6 Qf8+ 73. Kh7 1-0

[Event "29.Schlosspark-Open"]
[Site "Wiesbaden-Biebrich"]
[Date "2017.08.26"]
[Round "5.41"]
[White "Speck, Stefan"]
[Black "Hinz, AndrÃ©"]
[Result "1-0"]
[WhiteElo "2000"]
[BlackElo "1696"]
[PlyCount "69"]
[EventDate "2017.??.??"]
[WhiteTeam "SC Solingen 28"]
[BlackTeam "SC Brett vorm Kopp"]

1. e4 c5 2. c3 Nf6 3. e5 Nd5 4. Nf3 e6 5. d4 cxd4 6. cxd4 Nc6 7. Nc3 d6 8. Bd3
dxe5 9. Nxe5 Nxe5 10. dxe5 Bb4 11. Qc2 Qc7 12. O-O Bxc3 13. bxc3 h6 14. Rb1 O-O
15. c4 Ne7 16. Qe2 Nc6 17. Qe4 g6 18. Re1 Rd8 19. Bxh6 Nxe5 20. Qf4 Kh7 21. Qh4
f6 22. Bg5+ Kg8 23. Bxf6 Qh7 24. Bxd8 Nxd3 25. Red1 Nc5 26. Be7 Qxh4 27. Rd8+
Kf7 28. Bxh4 b6 29. Rbd1 e5 30. R1d6 g5 31. Bg3 Nb7 32. Rxc8 Ke7 33. Rxa8 Kxd6
34. Rxa7 Na5 35. Rxa5 1-0

[Event "29.Schlosspark-Open"]
[Site "Wiesbaden-Biebrich"]
[Date "2017.08.26"]
[Round "5.42"]
[White "TremÃ¶hlen, Thomas"]
[Black "Siegismund, Florian"]
[Result "1-0"]
[WhiteElo "1986"]
[BlackElo "1784"]
[PlyCount "49"]
[EventDate "2017.??.??"]
[WhiteTeam "SG Kaarst"]
[BlackTeam "SK Bad Schwalbach"]

1. b3 d5 2. Bb2 Nf6 3. e3 c5 4. Nf3 Bg4 5. h3 Bh5 6. g4 Bg6 7. Ne5 Nc6 8. Bb5
Qc7 9. d3 e6 10. Nd2 Nd7 11. Bxc6 bxc6 12. Nxd7 Qxd7 13. Qe2 f6 14. O-O-O Be7
15. f4 O-O 16. h4 f5 17. h5 Bf7 18. g5 Rfb8 19. g6 Be8 20. gxh7+ Kxh7 21. Rdg1
Bf6 22. Bxf6 gxf6 23. h6 Bg6 24. Rxg6 Kxg6 25. Rg1+ 1-0

[Event "29.Schlosspark-Open"]
[Site "Wiesbaden-Biebrich"]
[Date "2017.08.26"]
[Round "5.43"]
[White "Egli, Urs"]
[Black "Donecker, Stefan"]
[Result "1-0"]
[WhiteElo "1983"]
[BlackElo "1781"]
[PlyCount "49"]
[EventDate "2017.??.??"]
[WhiteTeam "Sihlfeld(ZÃ¼rich)"]
[BlackTeam "TuS Dotzheim"]

1. Nf3 d5 2. d3 c6 3. Nbd2 Bg4 4. e4 Nd7 5. Be2 e5 6. O-O Ngf6 7. c3 Be7 8. a3
a5 9. b3 O-O 10. Ng5 Bxe2 11. Qxe2 h6 12. Ngf3 Re8 13. Rd1 Bf8 14. Bb2 Qb8 15.
Nh4 b5 16. Qf3 a4 17. b4 Nb6 18. Nf5 Ra7 19. Nxh6+ gxh6 20. Qxf6 Re6 21. Qf3
Rg6 22. Rac1 c5 23. exd5 cxb4 24. cxb4 Qd6 25. Ne4 1-0

[Event "29.Schlosspark-Open"]
[Site "Wiesbaden-Biebrich"]
[Date "2017.08.26"]
[Round "5.44"]
[White "KÃ¶llner, Felicitas Ophelia"]
[Black "Martin, Reiner"]
[Result "0-1"]
[WhiteElo "1740"]
[BlackElo "1983"]
[PlyCount "150"]
[EventDate "2017.??.??"]
[WhiteTeam "SV Bergneustadt/Derschlag"]
[BlackTeam "SC Bad Soden"]

1. d4 Nf6 2. Bg5 c5 3. Bxf6 gxf6 4. d5 d6 5. Nc3 f5 6. e3 Qb6 7. Rb1 Bg7 8. Bd3
Qb4 9. Qd2 c4 10. Be2 Rg8 11. Bf3 Nd7 12. g3 Ne5 13. Bg2 Bd7 14. Nf3 Bf6 15.
Nxe5 Bxe5 16. O-O O-O-O 17. Rfd1 h5 18. h4 Rg7 19. Ne2 Qc5 20. a3 Rdg8 21. Kh2
Rh8 22. Nf4 e6 23. Qe2 Rgh7 24. Qf3 Qc7 25. b3 c3 26. b4 Bf6 27. dxe6 fxe6 28.
Qe2 Rh6 29. Qd3 d5 30. b5 Qc5 31. a4 Kb8 32. a5 Be5 33. Qe2 Qe7 34. Rb3 Bf6 35.
Qf3 Rg8 36. Rf1 Be8 37. Nd3 Qd6 38. Qf4 Qxf4 39. Nxf4 Bf7 40. Rd1 Rc8 41. Bf1
Rhh8 42. Be2 Kc7 43. b6+ Kb8 44. Rdb1 a6 45. Rb4 e5 46. Nd3 Rhe8 47. Re1 Rc6
48. Rbb1 Kc8 49. Nb4 Rd6 50. Rbd1 Kd7 51. Bf3 e4 52. Be2 Be5 53. Kg2 Rg8 54.
Bf1 f4 55. exf4 Bxf4 56. Kh1 Bd2 57. Re2 Be6 58. Rexd2 cxd2 59. Rxd2 e3 60.
fxe3 Rxg3 61. Rd3 Bf5 62. Rc3 Rdg6 63. Kh2 R3g4 64. e4 Rxh4+ 65. Bh3 dxe4 66.
Nxa6 Rxh3+ 67. Rxh3 Bxh3 68. Nc5+ Kc8 69. Kxh3 e3 70. a6 bxa6 71. b7+ Kb8 72.
Nd3 Rg4 73. Kh2 e2 74. Ne1 Kxb7 75. Nf3 a5 0-1

[Event "29.Schlosspark-Open"]
[Site "Wiesbaden-Biebrich"]
[Date "2017.08.26"]
[Round "5.45"]
[White "Zerhusen, Martin"]
[Black "Musiolik, David"]
[Result "1/2-1/2"]
[WhiteElo "1731"]
[BlackElo "1944"]
[PlyCount "84"]
[EventDate "2017.??.??"]
[WhiteTeam "SV Oberursel"]
[BlackTeam "SC Ramstein"]

1. d4 d5 2. c4 e6 3. Nc3 Be7 4. Bf4 Nf6 5. h3 O-O 6. e3 b6 7. Nf3 Bb7 8. Be2
Nbd7 9. O-O c5 10. Rc1 Ne4 11. cxd5 exd5 12. dxc5 Nxc3 13. Rxc3 bxc5 14. Qa4
Nf6 15. Rcc1 Qb6 16. Qc2 Rac8 17. b3 c4 18. bxc4 dxc4 19. Nd4 Be4 20. Qa4 Bd3
21. Rfd1 Bxe2 22. Nxe2 Qc6 23. Qxc6 Rxc6 24. Be5 Rfc8 25. Bd4 Ra6 26. Nc3 Bb4
27. Bxf6 gxf6 28. Nd5 Bf8 29. Rc2 Rac6 30. g4 Kg7 31. e4 Ba3 32. Rb1 Ra6 33.
Rb7 Bc5 34. Rc7 Rxc7 35. Nxc7 Ra4 36. Nd5 Bd4 37. Kg2 c3 38. Kf3 Ra3 39. Ke2 a6
40. Kd3 Be5 41. f4 Bb8 42. f5 Bg3 1/2-1/2

[Event "29.Schlosspark-Open"]
[Site "Wiesbaden-Biebrich"]
[Date "2017.08.26"]
[Round "5.46"]
[White "Muckle, Richard"]
[Black "Zeyen, Helmut"]
[Result "1-0"]
[WhiteElo "1936"]
[BlackElo "1781"]
[PlyCount "39"]
[EventDate "2017.??.??"]
[WhiteTeam "SK Ludwigshafen"]
[BlackTeam "Wiesbadener SV"]

1. d4 Nf6 2. g3 d5 3. Bg2 c6 4. c3 e6 5. Nd2 Nbd7 6. Ngf3 Be7 7. O-O Qc7 8. Re1
O-O 9. Qc2 e5 10. dxe5 Nxe5 11. e4 Nxf3+ 12. Bxf3 dxe4 13. Nxe4 Be6 14. Bf4 Qa5
15. Ng5 Bf5 16. Qb3 Nd5 17. Bxd5 Bxg5 18. Re5 Qd8 19. Rxf5 Qd7 20. Rxg5 1-0

[Event "29.Schlosspark-Open"]
[Site "Wiesbaden-Biebrich"]
[Date "2017.08.26"]
[Round "5.47"]
[White "Wachsmann, Dietmar"]
[Black "Geltz, Noah"]
[Result "1-0"]
[WhiteElo "1923"]
[BlackElo "1737"]
[PlyCount "61"]
[EventDate "2017.??.??"]
[WhiteTeam "SC GroÃŸ-Umstadt"]
[BlackTeam "SF HN-Biberach"]

1. e4 c6 2. d4 d5 3. exd5 cxd5 4. c4 Nf6 5. Nc3 e6 6. Nf3 Bb4 7. Bd3 dxc4 8.
Bxc4 O-O 9. O-O Nc6 10. a3 Be7 11. Re1 b6 12. Qd3 Na5 13. Ba2 Bb7 14. Ng5 h6
15. Nxf7 Rxf7 16. Bxe6 Bd6 17. Qg6 Qc7 18. Bxh6 Ne8 19. Nb5 Bxh2+ 20. Kh1 Qe7
21. Bg5 Nf6 22. Kxh2 Rd8 23. Re3 a6 24. Rae1 axb5 25. Bxf6 Qxf6 26. Bxf7+ Qxf7
27. Re8+ Rxe8 28. Rxe8+ Qxe8 29. Qxe8+ Kh7 30. d5 Nc4 31. d6 1-0

[Event "29.Schlosspark-Open"]
[Site "Wiesbaden-Biebrich"]
[Date "2017.08.26"]
[Round "5.48"]
[White "Lehnert, Michael"]
[Black "Ziegler, JÃ¶rg"]
[Result "1/2-1/2"]
[WhiteElo "1918"]
[BlackElo "1724"]
[PlyCount "55"]
[EventDate "2017.??.??"]
[WhiteTeam "SV Hofheim"]
[BlackTeam "BKA Wiesbaden"]

1. Nf3 Nf6 2. b3 g6 3. Bb2 Bg7 4. g3 O-O 5. Bg2 c6 6. O-O d6 7. d4 Re8 8. Nbd2
Nbd7 9. e4 Qc7 10. h3 e5 11. dxe5 Nxe5 12. Nxe5 dxe5 13. Qe2 Be6 14. c4 Rad8
15. Nf3 Nd7 16. Ng5 Nf8 17. f4 h6 18. Nxe6 Nxe6 19. f5 Nd4 20. Bxd4 exd4 21.
fxg6 fxg6 22. Qg4 Kh7 23. h4 Re7 24. h5 gxh5 25. Qxh5 Qxg3 26. Rf3 Qg6 27. Qh3
Be5 28. Qf5 1/2-1/2